Statistiques concernant Top 15 des pays avec les décès de Covid-19 - 21 septembre

Cliquez ici pour prendre le quiz!

Statistiques générales

  • Ce quiz a été pris 20 fois
  • Le résultat moyen est 13 sur 20

Statistiques - réponses

pays% Correct
France
100%
Etats-Unis
94%
Russie
94%
Espagne
89%
Mexique
89%
Royaume-Uni
89%
Brésil
83%
Italie
83%
Inde
78%
Argentine
61%
Belgique
61%
Colombie
56%
Suède
50%
Chili
44%
Pérou
44%
Afrique du Sud
39%
Bolivie
33%
Équateur
28%
Iran
28%
Panama
22%

Distribution des résultats

Percentile par nombre de réponses

% des personnes avec chaque résultat

Votre développement - résultats

Vous n’avez pas pris ce quiz